Oktatás és foglalkoztatás

Enregistré dans:
Détails bibliographiques
Autres auteurs: Károly, Fazekas
Format: Livre
Langue:hongrois
Publié: Budapest MTA Közgazdaságtudományi Intézet 2009
Collection:KTI Könyvek 12
Sujets:
Tags: Ajouter un tag
Pas de tags, Soyez le premier à ajouter un tag!

MARC

LEADER 00000nam$a2200000$$$4500
001 0109031
005 20240109072213.7
020 |a 978-963-9796-71-3 
022 |a 1786-5476 
041 0 |a hun 
044 |a HU 
245 1 0 |a Oktatás és foglalkoztatás  |c szerkesztette: Fazekas Károly 
264 1 |a Budapest  |b MTA Közgazdaságtudományi Intézet  |c 2009 
300 |a 160 s. 
490 1 |a KTI Könyvek  |v 12 
830 0 |a KTI Könyvek  |v 12 
610 2 0 |a vzdelanie 
610 2 0 |a vzdelanosť 
610 2 0 |a trh práce 
610 2 0 |a zamestnanosť 
700 1 |a Károly, Fazekas